| 000 | 00642nam a2200193 4500 | ||
|---|---|---|---|
| 005 | 20250317113623.0 | ||
| 010 | _aENG-144096 | ||
| 020 |
_a9789390951727 _c275.00 |
||
| 035 | _aEN-127628 | ||
| 082 | _a613.7046 | ||
| 245 |
_aYoga for Diseases and Holistic Health/ _cM. Shobitha [and] Manisha Jindal [and] Yogesh Tripathi |
||
| 260 |
_aNoida _bAllied Publishers Pvt. Ltd. |
||
| 270 | _aD-5, Sector-2, Noida-201301 | ||
| 300 |
_avi,94p. _c22cm (pb) |
||
| 700 |
_aShobita, M _979637 _eEditor |
||
| 700 |
_aJindal, Manisha _eEditor _979640 |
||
| 700 |
_aTripathi, Yogesh _eEditor _979641 |
||
| 942 |
_2ddc _cEN _h613.7046 _mSHO |
||
| 999 |
_c210303 _d210303 |
||